00302nam a2200109 4500020001800000082002300018100002300041245004700064260003900111300000800150650003400158 a9789552316258 a547.05 PERb007570 aPerera K.Sarath D. aSyntheses of Metal Complexes and Catalysis bOpen University of Sri Lankac2001 a112 aMetal Complexes and Catalysis